[Event "WCO 2016"]
[Site "?"]
[Date "2016.09.13"]
[Round "11"]
[Board "14"]
[WhiteID "8102937"]
[White "Boshra Alshaeby"]
[BlackID "4801776"]
[Black "Jalaluldeen Kareen Kamal J."]
[Result "1-0"]
[BlackElo "1824"]
[WhiteElo "1983"]
[LiveChessVersion "1.4.8"]

1. d4 {[%clk 1:30:58]} d5 {[%clk 1:30:54]} 2. c4 {[%clk 1:31:23]} e6
{[%clk 1:31:04]} 3. Nf3 {[%clk 1:31:36]} Nf6 {[%clk 1:30:51]} 4. e3
{[%clk 1:32:00]} Nbd7 {[%clk 1:27:19]} 5. b3 {[%clk 1:27:39]} Bd6
{[%clk 1:07:48]} 6. Bb2 {[%clk 1:21:24]} O-O {[%clk 1:03:01]} 7. Bd3
{[%clk 1:19:45]} a6 {[%clk 1:00:50]} 8. c5 {[%clk 1:15:57]} Be7 {[%clk 1:00:45]}
9. Nc3 {[%clk 1:13:29]} b6 {[%clk 0:57:38]} 10. b4 {[%clk 1:11:41]} Bb7
{[%clk 0:53:42]} 11. Qc2 {[%clk 1:09:43]} h6 {[%clk 0:51:33]} 12. O-O
{[%clk 1:07:55]} a5 {[%clk 0:51:18]} 13. a3 {[%clk 1:06:32]} Rb8 {[%clk 0:42:01]}
14. Ne2 {[%clk 0:40:52]} bxc5 {[%clk 0:39:26]} 15. bxc5 {[%clk 0:39:10]} c6
{[%clk 0:32:39]} 16. Bc3 {[%clk 0:35:40]} Ra8 {[%clk 0:30:53]} 17. Rfb1
{[%clk 0:25:41]} Qc7 {[%clk 0:29:13]} 18. Ra2 {[%clk 0:22:31]} Ba6
{[%clk 0:25:34]} 19. Bxa6 {[%clk 0:22:40]} Rxa6 {[%clk 0:25:55]} 20. Rab2
{[%clk 0:23:07]} Ra7 {[%clk 0:21:16]} 21. Ng3 {[%clk 0:18:55]} Rb8
{[%clk 0:17:29]} 22. Rxb8+ {[%clk 0:18:02]} Nxb8 {[%clk 0:17:57]} 23. Ne5
{[%clk 0:17:54]} Nbd7 {[%clk 0:14:10]} 24. f4 {[%clk 0:15:16]} Bd8
{[%clk 0:12:38]} 25. h3 {[%clk 0:06:30]} Rb7 {[%clk 0:09:47]} 26. a4
{[%clk 0:06:55]} Nxe5 {[%clk 0:06:34]} 27. fxe5 {[%clk 0:07:07]} Nd7
{[%clk 0:06:50]} 28. Nf1 {[%clk 0:04:16]} Nb8 {[%clk 0:06:06]} 29. Bxa5
{[%clk 0:03:38]} Qc8 {[%clk 0:01:23]} 30. Rxb7 {[%clk 0:02:31]} Bxa5
{[%clk 0:01:36]} 31. Ra7 {[%clk 0:01:54]} Bd8 {[%clk 0:01:01]} 32. Qb1
{[%clk 0:01:22]} Na6 {[%clk 0:00:47]} 33. Qb7 {[%clk 0:00:48]} Qxb7
{[%clk 0:00:56]} 34. Rxb7 {[%clk 0:01:15]} Kf8 {[%clk 0:01:09]} 35. Nd2
{[%clk 0:01:20]} Ke8 {[%clk 0:01:08]} 36. Nb3 {[%clk 0:01:43]} Bc7
{[%clk 0:00:44]} 37. Ra7 {[%clk 0:01:44]} 1-0

[Event "WCO 2016"]
[Site "?"]
[Date "2016.09.13"]
[Round "11"]
[Board "15"]
[WhiteID "4804929"]
[White "A-ALI Sali Abbas Abdulzahra"]
[BlackID "724190"]
[Black "Fuad Kamel Jamaliah Natalie"]
[Result "1-0"]
[BlackElo "2064"]
[WhiteElo "1728"]
[LiveChessVersion "1.4.8"]

1. e4 {[%clk 1:30:57]} c5 {[%clk 1:30:55]} 2. Nf3 {[%clk 1:31:22]} e6
{[%clk 1:28:51]} 3. d4 {[%clk 1:31:43]} cxd4 {[%clk 1:29:16]} 4. Nxd4
{[%clk 1:32:10]} Nf6 {[%clk 1:28:54]} 5. Bd3 {[%clk 1:29:46]} a6 {[%clk 1:27:43]}
6. a3 {[%clk 1:30:03]} d6 {[%clk 1:26:56]} 7. Nc3 {[%clk 1:27:11]} Be7
{[%clk 1:26:10]} 8. O-O {[%clk 1:26:56]} Qc7 {[%clk 1:24:59]} 9. Be3
{[%clk 1:26:32]} Nbd7 {[%clk 1:23:32]} 10. Nb3 {[%clk 1:19:50]} b5
{[%clk 1:16:53]} 11. f4 {[%clk 1:16:36]} Bb7 {[%clk 1:11:04]} 12. Kh1
{[%clk 1:14:56]} Nc5 {[%clk 1:03:30]} 13. Nxc5 {[%clk 1:13:16]} dxc5
{[%clk 1:03:53]} 14. e5 {[%clk 1:12:06]} Nd5 {[%clk 1:00:55]} 15. Nxd5
{[%clk 1:12:10]} Bxd5 {[%clk 1:01:21]} 16. c3 {[%clk 1:09:12]} Rd8
{[%clk 0:57:22]} 17. Qc2 {[%clk 1:07:32]} Qc6 {[%clk 0:46:13]} 18. Rf2
{[%clk 1:06:29]} h6 {[%clk 0:41:37]} 19. c4 {[%clk 1:05:52]} Bxc4
{[%clk 0:39:08]} 20. Bxc4 {[%clk 1:06:14]} bxc4 {[%clk 0:39:34]} 21. Qxc4
{[%clk 1:06:37]} Qb5 {[%clk 0:39:59]} 22. Rc2 {[%clk 1:05:34]} Rd5
{[%clk 0:32:22]} 23. Qxb5+ {[%clk 1:03:36]} axb5 {[%clk 0:32:40]} 24. Rac1
{[%clk 1:03:59]} c4 {[%clk 0:26:02]} 25. a4 {[%clk 1:03:19]} O-O {[%clk 0:23:38]}
26. axb5 {[%clk 1:00:16]} Rxb5 {[%clk 0:24:05]} 27. Bd4 {[%clk 1:00:36]} Bc5
{[%clk 0:19:13]} 28. Bxc5 {[%clk 1:00:41]} Rxc5 {[%clk 0:19:40]} 29. Rxc4
{[%clk 1:01:05]} Rb5 {[%clk 0:20:06]} 30. b4 {[%clk 1:00:56]} Kh7
{[%clk 0:20:28]} 31. Kg1 {[%clk 1:00:19]} Rfb8 {[%clk 0:20:49]} 32. Rb1
{[%clk 1:00:18]} R8b6 {[%clk 0:19:47]} 33. Kf2 {[%clk 1:00:09]} Rd5
{[%clk 0:19:16]} 34. Ke3 {[%clk 0:57:33]} f6 {[%clk 0:17:20]} 35. Rd4
{[%clk 0:49:32]} Rdb5 {[%clk 0:16:59]} 36. Rd6 {[%clk 0:47:58]} Rb8
{[%clk 0:16:04]} 37. exf6 {[%clk 0:46:11]} gxf6 {[%clk 0:14:57]} 38. Rxe6
{[%clk 0:45:37]} Rxb4 {[%clk 0:15:04]} 39. Rxb4 {[%clk 0:45:57]} Rxb4
{[%clk 0:15:31]} 40. Rxf6 {[%clk 1:16:11]} Rb2 {[%clk 0:45:21]} 41. Kf3
{[%clk 1:16:12]} Rb3+ {[%clk 0:44:51]} 42. Kg4 {[%clk 1:15:42]} Rb2
{[%clk 0:42:35]} 43. Kh5 {[%clk 1:07:41]} Rxg2 {[%clk 0:41:52]} 44. Rxh6+
{[%clk 1:08:05]} Kg7 {[%clk 0:42:20]} 45. h4 {[%clk 1:08:21]} Rf2
{[%clk 0:42:11]} 46. Rg6+ {[%clk 1:08:46]} Kf7 {[%clk 0:42:24]} 47. Rg4
{[%clk 1:09:01]} Kf6 {[%clk 0:42:45]} 48. Kh6 {[%clk 1:00:12]} Rf1
{[%clk 0:40:50]} 49. h5 {[%clk 0:59:10]} Rf2 {[%clk 0:37:54]} 50. Rg6+
{[%clk 0:55:51]} Kf7 {[%clk 0:38:14]} 51. Kg5 {[%clk 0:56:05]} Rg2+
{[%clk 0:37:26]} 52. Kf5 {[%clk 0:56:21]} Rh2 {[%clk 0:37:50]} 53. Rf6+
{[%clk 0:49:21]} Kg7 {[%clk 0:36:20]} 54. h6+ {[%clk 0:48:57]} Kh7
{[%clk 0:34:17]} 55. Rg6 {[%clk 0:45:47]} Ra2 {[%clk 0:32:54]} 56. Re6
{[%clk 0:45:20]} Ra5+ {[%clk 0:31:12]} 57. Re5 {[%clk 0:43:25]} Ra1
{[%clk 0:31:32]} 58. Re6 {[%clk 0:40:08]} Ra5+ {[%clk 0:29:54]} 59. Kg4
{[%clk 0:40:23]} Ra1 {[%clk 0:30:08]} 60. f5 {[%clk 0:40:29]} Rg1+
{[%clk 0:30:28]} 61. Kf4 {[%clk 0:40:54]} Ra1 {[%clk 0:30:02]} 62. Kg5
{[%clk 0:37:53]} Rg1+ {[%clk 0:30:22]} 63. Kf6 {[%clk 0:38:19]} Rf1
{[%clk 0:29:17]} 64. Re5 {[%clk 0:37:49]} Kxh6 {[%clk 0:29:23]} 65. Kf7
{[%clk 0:38:09]} Ra1 {[%clk 0:27:53]} 66. f6 {[%clk 0:37:49]} Ra7+
{[%clk 0:25:59]} 67. Re7 {[%clk 0:38:12]} Ra6 {[%clk 0:25:02]} 68. Re6
{[%clk 0:38:36]} Ra8 {[%clk 0:24:31]} 69. Rd6 {[%clk 0:38:22]} Kh7
{[%clk 0:22:29]} 70. Rd3 {[%clk 0:29:27]} Ra7+ {[%clk 0:21:04]} 71. Ke8
{[%clk 0:29:41]} Ra8+ {[%clk 0:21:20]} 72. Rd8 {[%clk 0:28:30]} Ra1
{[%clk 0:20:40]} 73. f7 {[%clk 0:28:22]} Re1+ {[%clk 0:21:00]} 74. Kd7
{[%clk 0:28:43]} Rd1+ {[%clk 0:21:15]} 75. Kc7 {[%clk 0:29:01]} Rc1+
{[%clk 0:21:27]} 76. Kb6 {[%clk 0:29:23]} Rb1+ {[%clk 0:21:31]} 77. Ka5
{[%clk 0:29:47]} 1-0

[Event "WCO 2016"]
[Site "?"]
[Date "2016.09.13"]
[Round "11"]
[Board "16"]
[WhiteID "8102953"]
[White "Razan Alshaeby"]
[BlackID "4806476"]
[Black "Al-Fayyadh Zainab Asif Abdulah"]
[Result "1-0"]
[BlackElo "1703"]
[WhiteElo "1896"]
[LiveChessVersion "1.4.8"]

1. d4 {[%clk 1:30:56]} Nf6 {[%clk 1:30:55]} 2. Nf3 {[%clk 1:30:47]} g6
{[%clk 1:31:16]} 3. Nc3 {[%clk 1:28:59]} d5 {[%clk 1:29:59]} 4. Bg5
{[%clk 1:23:41]} Ne4 {[%clk 1:26:32]} 5. h4 {[%clk 1:19:44]} Bg7 {[%clk 1:24:20]}
6. Qd3 {[%clk 1:14:22]} Nc6 {[%clk 1:13:38]} 7. e3 {[%clk 1:07:37]} a6
{[%clk 1:07:48]} 8. Na4 {[%clk 1:02:24]} Bf5 {[%clk 1:03:13]} 9. Qb3
{[%clk 0:59:52]} b5 {[%clk 0:58:29]} 10. Nc3 {[%clk 0:57:52]} Nxc3
{[%clk 0:53:39]} 11. Qxc3 {[%clk 0:57:48]} Qd7 {[%clk 0:53:19]} 12. Bd3
{[%clk 0:52:49]} Bxd3 {[%clk 0:52:08]} 13. Qxd3 {[%clk 0:52:35]} O-O
{[%clk 0:51:40]} 14. h5 {[%clk 0:52:08]} e5 {[%clk 0:50:39]} 15. dxe5
{[%clk 0:51:41]} Nxe5 {[%clk 0:50:27]} 16. Nxe5 {[%clk 0:51:34]} Bxe5
{[%clk 0:50:36]} 17. O-O-O {[%clk 0:49:17]} c6 {[%clk 0:44:25]} 18. hxg6
{[%clk 0:46:49]} fxg6 {[%clk 0:42:07]} 19. f4 {[%clk 0:47:07]} Qf5
{[%clk 0:37:03]} 20. Qe2 {[%clk 0:44:09]} Bf6 {[%clk 0:32:30]} 21. g4
{[%clk 0:43:51]} Qe4 {[%clk 0:30:53]} 22. Bxf6 {[%clk 0:33:53]} Rxf6
{[%clk 0:30:58]} 23. Qf2 {[%clk 0:29:26]} b4 {[%clk 0:20:21]} 24. Rh3
{[%clk 0:29:42]} a5 {[%clk 0:19:30]} 25. Qh4 {[%clk 0:28:40]} Rf7
{[%clk 0:19:26]} 26. Rg1 {[%clk 0:26:45]} Qe7 {[%clk 0:15:20]} 27. Qg3
{[%clk 0:23:02]} Rg7 {[%clk 0:15:02]} 28. Qh2 {[%clk 0:21:34]} Qd6
{[%clk 0:10:36]} 29. Rh1 {[%clk 0:20:41]} Raa7 {[%clk 0:10:45]} 30. Qd2
{[%clk 0:18:07]} Qe6 {[%clk 0:08:56]} 31. g5 {[%clk 0:17:19]} Qe4
{[%clk 0:05:31]} 32. Qe2 {[%clk 0:16:35]} a4 {[%clk 0:04:16]} 33. Qg4
{[%clk 0:16:53]} Qf5 {[%clk 0:03:35]} 34. Qxf5 {[%clk 0:12:05]} gxf5
{[%clk 0:04:00]} 35. Rh6 {[%clk 0:11:46]} Rg6 {[%clk 0:03:59]} 36. b3
{[%clk 0:10:49]} axb3 {[%clk 0:03:00]} 37. axb3 {[%clk 0:11:13]} Ra1+
{[%clk 0:03:16]} 38. Kd2 {[%clk 0:11:38]} Rxh1 {[%clk 0:03:39]} 39. Rxh1
{[%clk 0:12:05]} Kg7 {[%clk 0:03:40]} 40. Ra1 {[%clk 0:42:27]} Rd6
{[%clk 0:32:26]} 41. Kd3 {[%clk 0:39:23]} Rd7 {[%clk 0:25:24]} 42. Kd4
{[%clk 0:39:06]} Re7 {[%clk 0:24:53]} 43. Ra6 {[%clk 0:30:44]} c5+
{[%clk 0:18:05]} 44. Kxc5 {[%clk 0:26:28]} Rxe3 {[%clk 0:18:27]} 45. Kxd5
{[%clk 0:25:53]} Re4 {[%clk 0:18:43]} 46. Rf6 {[%clk 0:21:34]} Rxf4
{[%clk 0:18:37]} 47. Ke5 {[%clk 0:21:50]} Rf2 {[%clk 0:18:38]} 48. Rc6
{[%clk 0:19:20]} f4 {[%clk 0:17:40]} 49. Kf5 {[%clk 0:19:39]} f3 {[%clk 0:17:25]}
50. Rc7+ {[%clk 0:19:54]} Kf8 {[%clk 0:17:36]} 51. Kf6 {[%clk 0:19:30]} Ke8
{[%clk 0:17:37]} 52. Rxh7 {[%clk 0:17:50]} Rxc2 {[%clk 0:14:58]} 53. g6
{[%clk 0:15:36]} Rc6+ {[%clk 0:07:54]} 54. Kg5 {[%clk 0:15:31]} Rc5+
{[%clk 0:05:51]} 55. Kh6 {[%clk 0:05:50]} Rc1 {[%clk 0:04:15]} 56. Rf7
{[%clk 0:00:59]} Rh1+ {[%clk 0:04:27]} 57. Kg7 {[%clk 0:01:17]} Rh3
{[%clk 0:04:08]} 58. Rf8+ {[%clk 0:01:03]} Ke7 {[%clk 0:04:26]} 59. Rf7+
{[%clk 0:01:23]} Ke8 {[%clk 0:04:50]} 60. Rf5 {[%clk 0:01:15]} Ke7
{[%clk 0:02:30]} 61. Kg8 {[%clk 0:01:18]} Rg3 {[%clk 0:02:25]} 62. g7
{[%clk 0:01:03]} Ke8 {[%clk 0:01:07]} 63. Re5+ {[%clk 0:01:06]} Kd7
{[%clk 0:01:22]} 64. Kf7 {[%clk 0:01:19]} f2 {[%clk 0:00:36]} 65. Rf5
{[%clk 0:01:25]} 1-0

[Event "WCO 2016"]
[Site "?"]
[Date "2016.09.13"]
[Round "11"]
[Board "17"]
[WhiteID "8400148"]
[White "Mora Oviedo Andrea Melissa"]
[BlackID "3000575"]
[Black "Silva Rosas Natalia"]
[Result "1/2-1/2"]
[BlackElo "1812"]
[WhiteElo "1783"]
[LiveChessVersion "1.4.8"]

1. d4 {[%clk 1:30:55]} f5 {[%clk 1:30:57]} 2. c4 {[%clk 1:31:14]} d6
{[%clk 1:31:17]} 3. Nc3 {[%clk 1:31:07]} g6 {[%clk 1:31:40]} 4. Nf3
{[%clk 1:31:17]} Bg7 {[%clk 1:32:06]} 5. g3 {[%clk 1:31:30]} Nf6 {[%clk 1:32:31]}
6. Bg2 {[%clk 1:31:33]} O-O {[%clk 1:32:48]} 7. O-O {[%clk 1:31:16]} c6
{[%clk 1:33:07]} 8. b3 {[%clk 1:27:28]} Qe8 {[%clk 1:33:21]} 9. Bb2
{[%clk 1:22:17]} e5 {[%clk 1:33:15]} 10. dxe5 {[%clk 1:17:00]} dxe5
{[%clk 1:33:42]} 11. Na4 {[%clk 1:11:26]} Nbd7 {[%clk 1:32:59]} 12. Ba3
{[%clk 1:11:03]} c5 {[%clk 1:32:05]} 13. Nxc5 {[%clk 1:10:22]} Nxc5
{[%clk 1:32:14]} 14. Bxc5 {[%clk 1:10:17]} Rf7 {[%clk 1:32:44]} 15. Qc2
{[%clk 1:01:37]} f4 {[%clk 1:29:07]} 16. Ng5 {[%clk 0:57:32]} Bf5
{[%clk 1:26:46]} 17. Qc3 {[%clk 0:54:21]} Rd7 {[%clk 1:24:32]} 18. e4
{[%clk 0:49:52]} fxe3 {[%clk 1:20:22]} 19. Bxe3 {[%clk 0:46:09]} h6
{[%clk 1:19:43]} 20. Nf3 {[%clk 0:44:22]} Ng4 {[%clk 1:18:37]} 21. Rad1
{[%clk 0:39:32]} g5 {[%clk 1:07:50]} 22. h3 {[%clk 0:32:26]} Nxe3
{[%clk 1:04:47]} 23. fxe3 {[%clk 0:32:10]} Rxd1 {[%clk 1:03:45]} 24. Rxd1
{[%clk 0:32:29]} e4 {[%clk 1:00:53]} 25. Nd4 {[%clk 0:32:11]} Qe5
{[%clk 0:58:22]} 26. Qe1 {[%clk 0:27:41]} Rf8 {[%clk 0:57:30]} 27. Nxf5
{[%clk 0:25:33]} Qxf5 {[%clk 0:57:58]} 28. Rd5 {[%clk 0:24:26]} Qe6
{[%clk 0:56:49]} 29. Qd1 {[%clk 0:23:56]} Qb6 {[%clk 0:54:52]} 30. c5
{[%clk 0:22:53]} Qc7 {[%clk 0:55:01]} 31. Qg4 {[%clk 0:19:37]} Re8
{[%clk 0:43:41]} 32. Bxe4 {[%clk 0:17:46]} Qe7 {[%clk 0:43:52]} 33. Bg2
{[%clk 0:11:57]} Qxe3+ {[%clk 0:44:15]} 34. Kh2 {[%clk 0:11:31]} Kh8
{[%clk 0:41:18]} 35. Qf3 {[%clk 0:10:08]} Qe7 {[%clk 0:39:21]} 36. Rf5
{[%clk 0:08:36]} Rf8 {[%clk 0:35:40]} 37. Rxf8+ {[%clk 0:08:29]} Bxf8
{[%clk 0:36:07]} 38. c6 {[%clk 0:07:36]} bxc6 {[%clk 0:35:33]} 39. Qxc6
{[%clk 0:07:40]} Qe5 {[%clk 0:32:07]} 40. Qd5 {[%clk 0:36:47]} Qxd5
{[%clk 0:57:54]} 41. Bxd5 {[%clk 0:37:02]} Bd6 {[%clk 0:58:07]} 42. Kg2
{[%clk 0:36:57]} Kg7 {[%clk 0:58:28]} 43. Kf3 {[%clk 0:29:36]} Kf6
{[%clk 0:58:57]} 44. Kg4 {[%clk 0:28:53]} a5 {[%clk 0:56:40]} 45. h4
{[%clk 0:27:10]} Ba3 {[%clk 0:55:21]} 46. Kh5 {[%clk 0:24:51]} Bf8
{[%clk 0:55:20]} 1/2-1/2

[Event "WCO 2016"]
[Site "?"]
[Date "2016.09.13"]
[Round "11"]
[Board "18"]
[WhiteID "3003000"]
[White "Larrea Daniela"]
[BlackID "8400474"]
[Black "Ortiz Katherine Berenice"]
[Result "1/2-1/2"]
[BlackElo "1857"]
[WhiteElo "1778"]
[LiveChessVersion "1.4.8"]

1. d4 {[%clk 1:30:57]} d5 {[%clk 1:30:34]} 2. c4 {[%clk 1:31:21]} c6
{[%clk 1:30:23]} 3. g3 {[%clk 1:31:43]} Nf6 {[%clk 1:30:33]} 4. Nf3
{[%clk 1:32:07]} Bf5 {[%clk 1:30:00]} 5. Bg2 {[%clk 1:32:22]} e6 {[%clk 1:29:59]}
6. O-O {[%clk 1:32:21]} Nbd7 {[%clk 1:30:11]} 7. b3 {[%clk 1:29:29]} Be7
{[%clk 1:28:35]} 8. Nh4 {[%clk 1:26:00]} Bg4 {[%clk 1:28:39]} 9. Nf3
{[%clk 1:22:41]} O-O {[%clk 1:25:47]} 10. Nc3 {[%clk 1:21:01]} h6
{[%clk 1:20:30]} 11. Nd2 {[%clk 1:16:37]} Bb4 {[%clk 1:17:40]} 12. Bb2
{[%clk 1:15:32]} Qa5 {[%clk 1:16:52]} 13. Ncb1 {[%clk 1:12:35]} Rfe8
{[%clk 1:14:27]} 14. a3 {[%clk 1:04:59]} Bf8 {[%clk 1:10:43]} 15. f3
{[%clk 1:02:02]} Bh5 {[%clk 1:10:42]} 16. b4 {[%clk 0:52:44]} Qc7
{[%clk 1:10:59]} 17. Nc3 {[%clk 0:50:30]} Nb6 {[%clk 1:10:13]} 18. c5
{[%clk 0:48:14]} Nbd7 {[%clk 1:10:08]} 19. e4 {[%clk 0:42:40]} dxe4
{[%clk 1:08:16]} 20. Ndxe4 {[%clk 0:43:01]} Nxe4 {[%clk 1:08:15]} 21. Nxe4
{[%clk 0:43:16]} Be7 {[%clk 1:06:01]} 22. Bc1 {[%clk 0:41:14]} Rad8
{[%clk 1:04:38]} 23. Bf4 {[%clk 0:35:16]} e5 {[%clk 1:02:44]} 24. dxe5
{[%clk 0:31:40]} Nxe5 {[%clk 0:56:43]} 25. Qc2 {[%clk 0:25:10]} Bg6
{[%clk 0:56:39]} 26. Qa2 {[%clk 0:18:32]} Kh8 {[%clk 0:52:07]} 27. Rad1
{[%clk 0:17:46]} Bf8 {[%clk 0:49:39]} 28. Rxd8 {[%clk 0:16:20]} Qxd8
{[%clk 0:49:50]} 29. Bxe5 {[%clk 0:15:37]} Rxe5 {[%clk 0:50:14]} 30. Nf2
{[%clk 0:15:20]} Rd5 {[%clk 0:48:30]} 31. Qa1 {[%clk 0:15:19]} Be7
{[%clk 0:47:40]} 32. Rd1 {[%clk 0:14:58]} Bf6 {[%clk 0:45:22]} 33. Rxd5
{[%clk 0:14:54]} Qxd5 {[%clk 0:45:45]} 34. Qd1 {[%clk 0:11:20]} Qxd1+
{[%clk 0:45:49]} 35. Nxd1 {[%clk 0:11:46]} Bc2 {[%clk 0:45:27]} 36. Ne3
{[%clk 0:11:53]} Bb3 {[%clk 0:45:13]} 37. Nf5 {[%clk 0:09:32]} Bb2
{[%clk 0:44:18]} 38. Nd6 {[%clk 0:09:36]} Bxa3 {[%clk 0:43:57]} 39. Nxb7
{[%clk 0:09:37]} Bxb4 {[%clk 0:44:15]} 40. f4 {[%clk 0:39:43]} Ba4
{[%clk 1:13:27]} 41. Nd8 {[%clk 0:31:55]} Bxc5+ {[%clk 1:13:15]} 42. Kf1
{[%clk 0:32:16]} Bb5+ {[%clk 1:13:35]} 43. Ke1 {[%clk 0:32:16]} Bb4+
{[%clk 1:12:55]} 44. Kd1 {[%clk 0:31:53]} f6 {[%clk 1:11:15]} 45. Nxc6
{[%clk 0:31:41]} Bxc6 {[%clk 1:11:27]} 46. Bxc6 {[%clk 0:32:04]} Bc5
{[%clk 1:11:49]} 47. Ke2 {[%clk 0:32:22]} Kg8 {[%clk 1:12:09]} 48. Bd5+
{[%clk 0:32:24]} Kf8 {[%clk 1:12:30]} 49. Kf3 {[%clk 0:32:34]} f5
{[%clk 1:11:26]} 50. Be6 {[%clk 0:29:42]} g6 {[%clk 1:11:43]} 51. g4
{[%clk 0:29:37]} fxg4+ {[%clk 1:11:59]} 52. Kxg4 {[%clk 0:29:37]} Ke7
{[%clk 1:12:03]} 53. Bb3 {[%clk 0:27:59]} Kf6 {[%clk 1:12:24]} 54. Bc2
{[%clk 0:26:09]} Bb4 {[%clk 1:11:47]} 55. Bd3 {[%clk 0:20:15]} a5
{[%clk 1:11:59]} 56. Bc2 {[%clk 0:20:34]} Bc3 {[%clk 1:11:50]} 57. Bb3
{[%clk 0:19:43]} Bb4 {[%clk 1:09:53]} 58. Bc2 {[%clk 0:20:03]} 1/2-1/2

[Event "WCO 2016"]
[Site "?"]
[Date "2016.09.13"]
[Round "11"]
[Board "19"]
[WhiteID "8400482"]
[White "Fernandez Alacha Mirna Graciela"]
[BlackID "3004147"]
[Black "Quevedo Andreina"]
[Result "1-0"]
[BlackElo "1699"]
[WhiteElo "1528"]
[LiveChessVersion "1.4.8"]

1. e4 {[%clk 1:30:57]} e5 {[%clk 1:30:29]} 2. Nf3 {[%clk 1:31:15]} Nc6
{[%clk 1:30:54]} 3. d4 {[%clk 1:31:35]} exd4 {[%clk 1:31:19]} 4. Nxd4
{[%clk 1:31:55]} Qf6 {[%clk 1:31:30]} 5. Be3 {[%clk 1:31:37]} Bc5
{[%clk 1:31:30]} 6. c3 {[%clk 1:31:50]} Nge7 {[%clk 1:31:40]} 7. Bc4
{[%clk 1:26:55]} O-O {[%clk 1:29:09]} 8. O-O {[%clk 1:26:29]} Ne5
{[%clk 1:22:08]} 9. Bb3 {[%clk 1:19:09]} Qg6 {[%clk 1:19:22]} 10. f3
{[%clk 1:14:45]} d6 {[%clk 1:15:10]} 11. Nd2 {[%clk 1:04:23]} a6 {[%clk 1:05:07]}
12. Nc2 {[%clk 1:01:13]} Bxe3+ {[%clk 0:58:38]} 13. Nxe3 {[%clk 1:01:03]} Kh8
{[%clk 0:58:12]} 14. Kh1 {[%clk 0:54:36]} Qh6 {[%clk 0:48:35]} 15. Qe2
{[%clk 0:41:49]} N7g6 {[%clk 0:43:06]} 16. g3 {[%clk 0:27:47]} Ne7
{[%clk 0:37:48]} 17. f4 {[%clk 0:26:18]} N5c6 {[%clk 0:33:08]} 18. Nf3
{[%clk 0:20:12]} f5 {[%clk 0:31:22]} 19. Nd5 {[%clk 0:13:30]} Nxd5
{[%clk 0:28:39]} 20. exd5 {[%clk 0:12:56]} Na5 {[%clk 0:28:27]} 21. Bc2
{[%clk 0:13:04]} b5 {[%clk 0:27:31]} 22. b3 {[%clk 0:13:03]} Bb7 {[%clk 0:21:05]}
23. Qd2 {[%clk 0:13:05]} Bc8 {[%clk 0:20:01]} 24. Rae1 {[%clk 0:12:27]} Qf6
{[%clk 0:19:33]} 25. Nd4 {[%clk 0:11:48]} Nb7 26. Re3 {[%clk 0:10:13]} Nc5
{[%clk 0:09:44]} 27. Rfe1 {[%clk 0:07:37]} Bb7 {[%clk 0:09:25]} 28. Nxf5
{[%clk 0:06:49]} g6 {[%clk 0:08:55]} 29. Ne7 {[%clk 0:05:13]} Qf7
{[%clk 0:06:49]} 30. Qd4+ {[%clk 0:03:28]} Qf6 {[%clk 0:07:14]} 31. Qd2
{[%clk 0:03:17]} Qf7 {[%clk 0:05:12]} 32. b4 {[%clk 0:03:19]} Nd7
{[%clk 0:04:58]} 33. Nc6 {[%clk 0:02:04]} Rae8 {[%clk 0:03:54]} 34. Qd4+
{[%clk 0:01:29]} Nf6 {[%clk 0:03:07]} 35. Rxe8 {[%clk 0:01:15]} Bxc6
{[%clk 0:02:16]} 36. Rxf8+ {[%clk 0:01:32]} Qxf8 {[%clk 0:02:42]} 37. dxc6
{[%clk 0:01:48]} Kg8 {[%clk 0:02:42]} 38. Bb3+ {[%clk 0:02:09]} Kg7
{[%clk 0:02:59]} 39. Re6 {[%clk 0:02:08]} h6 {[%clk 0:02:25]} 40. Qxf6+
{[%clk 0:32:22]} Qxf6 {[%clk 0:32:43]} 41. Rxf6 {[%clk 0:32:45]} Kxf6
{[%clk 0:33:09]} 42. Kg2 {[%clk 0:33:05]} Kf5 {[%clk 0:33:31]} 43. Kf3
{[%clk 0:33:23]} g5 {[%clk 0:33:55]} 44. fxg5 {[%clk 0:33:46]} hxg5
{[%clk 0:34:22]} 45. Bc2+ {[%clk 0:34:03]} Ke5 {[%clk 0:34:47]} 46. Kg4
{[%clk 0:34:22]} Kd5 {[%clk 0:35:12]} 47. Kxg5 {[%clk 0:34:46]} Kc4
{[%clk 0:35:29]} 48. Bb3+ {[%clk 0:34:57]} Kxc3 {[%clk 0:35:53]} 49. h4
{[%clk 0:35:23]} Kxb4 {[%clk 0:36:01]} 50. h5 {[%clk 0:35:46]} a5
{[%clk 0:36:12]} 51. h6 {[%clk 0:36:08]} a4 {[%clk 0:35:28]} 52. Bd5
{[%clk 0:35:39]} Ka3 {[%clk 0:35:28]} 53. h7 {[%clk 0:36:02]} b4 {[%clk 0:35:30]}
54. h8=Q b3 55. axb3 {[%clk 0:35:57]} axb3 {[%clk 0:35:46]} 56. Qa1+
{[%clk 0:36:13]} Kb4 {[%clk 0:36:11]} 57. Qb2 {[%clk 0:36:32]} Kc5
{[%clk 0:36:24]} 58. Qxb3 {[%clk 0:36:50]} Kd4 {[%clk 0:36:49]} 59. Qc4+
{[%clk 0:37:05]} 1-0

[Event "WCO 2016"]
[Site "?"]
[Date "2016.09.13"]
[Round "11"]
[Board "18"]
[WhiteID "6600514"]
[White "Munoz Alba"]
[BlackID "12100382"]
[Black "Al-khulaifi Fatima A."]
[Result "1-0"]
[BlackElo "1584"]
[WhiteElo "1704"]
[LiveChessVersion "1.4.8"]

1. e4 {[%clk 1:30:55]} c5 {[%clk 1:30:49]} 2. c3 {[%clk 1:31:20]} g6
{[%clk 1:31:07]} 3. d4 {[%clk 1:31:45]} cxd4 {[%clk 1:31:33]} 4. cxd4
{[%clk 1:32:11]} d5 {[%clk 1:31:58]} 5. exd5 {[%clk 1:32:19]} Nf6
{[%clk 1:31:59]} 6. Nc3 {[%clk 1:30:16]} Nxd5 {[%clk 1:25:18]} 7. Bb5+
{[%clk 1:30:37]} Nc6 {[%clk 1:25:05]} 8. Bxc6+ bxc6 9. Nf3 {[%clk 1:28:46]} Bg4
{[%clk 1:22:08]} 10. O-O {[%clk 1:28:23]} Bg7 {[%clk 1:22:22]} 11. Be3
{[%clk 1:20:44]} O-O 12. h3 {[%clk 1:21:10]} Bxf3 {[%clk 1:17:27]} 13. Qxf3
{[%clk 1:21:32]} e6 {[%clk 1:03:58]} 14. Rfd1 {[%clk 1:18:21]} Rb8
{[%clk 1:03:37]} 15. Rab1 {[%clk 1:15:22]} Rb4 {[%clk 0:52:00]} 16. Ne2
{[%clk 1:09:14]} Qb6 {[%clk 0:43:13]} 17. b3 {[%clk 1:09:08]} Qa6
{[%clk 0:35:51]} 18. Rd2 {[%clk 1:05:57]} Rd8 {[%clk 0:30:51]} 19. Rbd1
{[%clk 1:04:16]} h6 {[%clk 0:21:44]} 20. Qe4 {[%clk 1:02:23]} Ne7
{[%clk 0:16:17]} 21. Qc2 {[%clk 1:02:08]} Qb7 {[%clk 0:10:56]} 22. Rd3
{[%clk 0:56:26]} Nd5 {[%clk 0:07:57]} 23. Bd2 {[%clk 0:55:47]} Rb5
{[%clk 0:07:46]} 24. a4 {[%clk 0:56:08]} Nb4 {[%clk 0:07:50]} 25. Bxb4
{[%clk 0:55:52]} Rxb4 {[%clk 0:08:18]} 26. Rc3 {[%clk 0:55:41]} Bxd4 27. Nxd4
{[%clk 0:55:37]} Rbxd4 {[%clk 0:03:57]} 28. Rxd4 {[%clk 0:55:40]} Rxd4
{[%clk 0:04:26]} 29. Rxc6 {[%clk 0:55:52]} Qe7 30. Rc8+ {[%clk 0:53:37]} Rd8
{[%clk 0:00:33]} 31. b4 {[%clk 0:51:42]} Rxc8 32. Qxc8+ {[%clk 0:51:57]} Qf8
{[%clk 0:00:45]} 33. Qb7 {[%clk 0:51:25]} Qd8 {[%clk 0:00:54]} 34. Qxa7
{[%clk 0:49:30]} Qd1+ {[%clk 0:01:23]} 35. Kh2 {[%clk 0:49:44]} Qd6+
{[%clk 0:01:52]} 36. g3 {[%clk 0:49:46]} Qxb4 {[%clk 0:02:13]} 37. a5
{[%clk 0:50:10]} e5 {[%clk 0:01:45]} 38. a6 {[%clk 0:49:57]} Kg7 {[%clk 0:01:59]}
39. Qb7 {[%clk 0:48:50]} Qd2 {[%clk 0:01:26]} 40. Qb6 {[%clk 1:18:11]} e4
{[%clk 0:30:39]} 41. a7 {[%clk 1:18:07]} Qd5 {[%clk 0:30:46]} 42. Qb8
{[%clk 1:15:29]} Qa2 {[%clk 0:29:35]} 43. Kg2 {[%clk 1:13:16]} e3
{[%clk 0:09:11]} 44. Qe5+ {[%clk 1:13:35]} Kh7 {[%clk 0:05:33]} 45. Qxe3
{[%clk 1:13:57]} Qd5+ {[%clk 0:06:02]} 46. Qf3 {[%clk 1:14:10]} 1-0